[Event "EU-ch U18"]
[Site "Litohoto"]
[Date "1999.09.06"]
[Round "4"]
[White "Radjabov, Teimour"]
[Black "Ardelean, George Catalin"]
[Result "1-0"]
[WhiteElo "2438"]
[BlackElo "2374"]
[PlyCount "73"]
[EventDate "1999.09.03"]
[EventType "swiss"]
[EventRounds "9"]
[EventCountry "GRE"]
[SourceTitle "CBM 072 Extra"]
[Source "ChessBase"]
[SourceDate "1999.11.18"]
[SourceVersion "1"]
[SourceVersionDate "1999.11.18"]
[SourceQuality "1"]

1. Nf3 g6 2. c4 Bg7 3. Nc3 d6 4. g3 Nc6 5. Bg2 e5 6. O-O f5 7. d3 Nf6 8. Rb1 a5
9. a3 O-O 10. b4 axb4 11. axb4 h6 12. b5 Ne7 13. c5 Be6 14. b6 c6 15. Na4 Ned5
16. Bb2 e4 17. dxe4 fxe4 18. Nd4 Bf7 19. e3 dxc5 20. Nxc5 Qe7 21. Qc1 Nb4 22.
Ba3 Nd3 23. Nxd3 Rxa3 24. Qc5 Re8 25. Qxe7 Rxe7 26. Nc5 Bd5 27. Bh3 Ne8 28.
Be6+ Kh7 29. Bxd5 Bxd4 30. Nxb7 cxd5 31. Nd8 Bxb6 32. Rxb6 Ra2 33. Ne6 Rf7 34.
Nf4 Nf6 35. Rfb1 g5 36. Rb7 Ra7 37. Rxa7 1-0

[Event "EU-ch U18"]
[Site "Litohoto"]
[Date "1999.09.09"]
[Round "7"]
[White "Postny, Evgeny"]
[Black "Radjabov, Teimour"]
[Result "1-0"]
[WhiteElo "2400"]
[BlackElo "2438"]
[PlyCount "111"]
[EventDate "1999.09.03"]
[EventType "swiss"]
[EventRounds "9"]
[EventCountry "GRE"]
[SourceTitle "CBM 072 Extra"]
[Source "ChessBase"]
[SourceDate "1999.11.18"]
[SourceVersion "1"]
[SourceVersionDate "1999.11.18"]
[SourceQuality "1"]

1. d4 e6 2. c4 f5 3. Nf3 d5 4. Bg5 Nf6 5. Nc3 c6 6. e3 Be7 7. Bd3 O-O 8. O-O
Nbd7 9. cxd5 cxd5 10. Rc1 a6 11. Qb3 h6 12. Bxf6 Rxf6 13. Ne5 Nxe5 14. dxe5 Rf7
15. Ne2 b6 16. a3 a5 17. Bb5 Bc5 18. Nf4 Raa7 19. Rc2 Rfc7 20. Rfc1 Qe7 21. Qa4
Kf7 22. Nd3 Kg8 23. h3 g5 24. Rc3 Bd7 25. Bxd7 Qxd7 26. Qxd7 Rxd7 27. Nxc5 bxc5
28. Rxc5 a4 29. Kf1 Kf7 30. Ke2 d4 31. exd4 Rxd4 32. R1c4 Rxc4 33. Rxc4 Ra5 34.
Kd3 h5 35. g3 g4 36. h4 Rb5 37. Rb4 Rd5+ 38. Rd4 Rb5 39. Rb4 Rd5+ 40. Kc3 Rc5+
41. Rc4 Rxe5 42. Rxa4 Re2 43. Rf4 Kf6 44. a4 e5 45. Rb4 Rxf2 46. a5 Rf3+ 47.
Kd2 Rf2+ 48. Ke3 Rc2 49. a6 f4+ 50. gxf4 g3 51. fxe5+ Kxe5 52. Rb5+ Kf6 53. a7
g2 54. Rg5 Rc8 55. Kf2 Rc2+ 56. Kf3 1-0

[Event "EU-ch U18"]
[Site "Litohoto"]
[Date "1999.09.11"]
[Round "9"]
[White "Radjabov, Teimour"]
[Black "Kundin, Alexander"]
[Result "1/2-1/2"]
[WhiteElo "2438"]
[BlackElo "2403"]
[PlyCount "63"]
[EventDate "1999.09.03"]
[EventType "swiss"]
[EventRounds "9"]
[EventCountry "GRE"]
[SourceTitle "CBM 072 Extra"]
[Source "ChessBase"]
[SourceDate "1999.11.18"]
[SourceVersion "1"]
[SourceVersionDate "1999.11.18"]
[SourceQuality "1"]

1. d4 d5 2. c4 c6 3. cxd5 cxd5 4. Nf3 Nf6 5. Nc3 Nc6 6. Bf4 a6 7. e3 Bg4 8. Be2
e6 9. O-O Be7 10. Ne5 Bxe2 11. Qxe2 Rc8 12. Rfc1 O-O 13. Nxc6 Rxc6 14. Qd1 Qa5
15. a3 Rfc8 16. Bg5 Rc4 17. Ne2 h6 18. Bxf6 Bxf6 19. b3 R4c6 20. Rxc6 Rxc6 21.
h3 Be7 22. a4 b5 23. Rc1 Rxc1 24. Nxc1 bxa4 25. bxa4 Qc3 26. Nd3 a5 27. g3 g6
28. Kg2 Kg7 29. Kf1 h5 30. h4 Bd6 31. Kg2 Bb4 32. Kf1 1/2-1/2

[Event "Wch U18"]
[Site "Oropesa del Mar"]
[Date "1999.10.25"]
[Round "2"]
[White "Deseatnicov, Ivan"]
[Black "Radjabov, Teimour"]
[Result "0-1"]
[WhiteElo "2288"]
[BlackElo "2438"]
[PlyCount "32"]
[EventDate "1999.10.24"]
[EventType "swiss"]
[EventRounds "11"]
[EventCountry "ESP"]
[SourceTitle "CBM 072 Extra"]
[Source "ChessBase"]
[SourceDate "1999.11.18"]
[SourceVersion "1"]
[SourceVersionDate "1999.11.18"]
[SourceQuality "1"]

1. e4 e6 2. Nf3 d5 3. Nc3 Nf6 4. e5 Nfd7 5. d4 c5 6. dxc5 Nc6 7. Bf4 Bxc5 8.
Bd3 f6 9. exf6 Qxf6 10. Bg5 Qf7 11. Qe2 O-O 12. O-O-O h6 13. Bh4 Bb4 14. Nb5 a6
15. Nc7 Qf4+ 16. Kb1 Qxc7 0-1

[Event "Wch U18"]
[Site "Oropesa del Mar"]
[Date "1999.10.26"]
[Round "3"]
[White "Radjabov, Teimour"]
[Black "Ghonimy, Soltan"]
[Result "1-0"]
[WhiteElo "2438"]
[BlackElo "2247"]
[PlyCount "77"]
[EventDate "1999.10.24"]
[EventType "swiss"]
[EventRounds "11"]
[EventCountry "ESP"]
[SourceTitle "CBM 072 Extra"]
[Source "ChessBase"]
[SourceDate "1999.11.18"]
[SourceVersion "1"]
[SourceVersionDate "1999.11.18"]
[SourceQuality "1"]

1. Nf3 c5 2. c4 Nc6 3. Nc3 g6 4. g3 Bg7 5. Bg2 e5 6. a3 Nge7 7. O-O O-O 8. Rb1
a5 9. Ne1 d6 10. Nc2 Be6 11. Ne3 Rb8 12. Ned5 h6 13. d3 Kh7 14. Bd2 f5 15. Nb5
Bf7 16. b4 axb4 17. axb4 Nxd5 18. Bxd5 Bxd5 19. cxd5 Nxb4 20. Bxb4 cxb4 21.
Rxb4 Qd7 22. Qb3 f4 23. Nc3 Rf7 24. Ne4 Bf8 25. Rc1 Rc8 26. Rcc4 Kg7 27. Qc3
Rxc4 28. dxc4 fxg3 29. hxg3 Qf5 30. f3 g5 31. g4 Qf4 32. Kg2 h5 33. Ng3 Qd4 34.
Nf5+ Rxf5 35. Qxd4 exd4 36. gxf5 Kf6 37. Rxb7 Bh6 38. c5 dxc5 39. Rb6+ 1-0

[Event "Wch U18"]
[Site "Oropesa del Mar"]
[Date "1999.10.27"]
[Round "4"]
[White "Radjabov, Teimour"]
[Black "Stryjecki, Marek"]
[Result "1/2-1/2"]
[WhiteElo "2438"]
[BlackElo "2448"]
[PlyCount "63"]
[EventDate "1999.10.24"]
[EventType "swiss"]
[EventRounds "11"]
[EventCountry "ESP"]
[SourceTitle "CBM 072 Extra"]
[Source "ChessBase"]
[SourceDate "1999.11.18"]
[SourceVersion "1"]
[SourceVersionDate "1999.11.18"]
[SourceQuality "1"]

1. Nf3 g6 2. c4 Bg7 3. Nc3 d6 4. g3 Nf6 5. Bg2 O-O 6. O-O a6 7. d4 Nc6 8. b3
Rb8 9. d5 Na5 10. Bb2 b5 11. cxb5 axb5 12. Nd4 b4 13. Na4 e5 14. Nc2 Bd7 15.
Bc1 c5 16. dxc6 Bxc6 17. Bg5 Bxg2 18. Kxg2 d5 19. Qd2 Qd6 20. Bxf6 Bxf6 21. e4
Rfd8 22. Rfd1 d4 23. Ne1 Qe7 24. Nd3 Bg5 25. Qe2 Bh6 26. Rab1 Rdc8 27. Rb2 f6
28. Rc2 Rxc2 29. Qxc2 Qb7 30. f3 Rc8 31. Qe2 Qb5 32. Rf1 1/2-1/2

[Event "Wch U18"]
[Site "Oropesa del Mar"]
[Date "1999.10.29"]
[Round "6"]
[White "Radjabov, Teimour"]
[Black "Kundin, Alexander"]
[Result "1-0"]
[WhiteElo "2438"]
[BlackElo "2403"]
[PlyCount "81"]
[EventDate "1999.10.24"]
[EventType "swiss"]
[EventRounds "11"]
[EventCountry "ESP"]
[SourceTitle "CBM 072 Extra"]
[Source "ChessBase"]
[SourceDate "1999.11.18"]
[SourceVersion "1"]
[SourceVersionDate "1999.11.18"]
[SourceQuality "1"]

1. Nf3 d5 2. b3 Nf6 3. Bb2 Bf5 4. g3 e6 5. Bg2 Be7 6. O-O O-O 7. d3 a5 8. a3
Na6 9. Nbd2 h6 10. c4 c6 11. Qb1 Bh7 12. Bc3 Qb6 13. Qb2 c5 14. cxd5 exd5 15.
d4 a4 16. dxc5 Nxc5 17. b4 Nce4 18. Bd4 Qb5 19. Rfc1 Rfe8 20. Nxe4 dxe4 21. Ne5
Bf5 22. e3 Red8 23. Bf1 Qe8 24. Nc4 b5 25. Na5 Rdc8 26. Rxc8 Rxc8 27. Rc1 Bd7
28. Nb7 Bc6 29. Nc5 h5 30. Rc2 Bxc5 31. Rxc5 Bd7 32. Rg5 Kf8 33. Bc5+ Rxc5 34.
Rxc5 Kg8 35. Qe5 Qd8 36. Qc7 Qe8 37. Re5 Qf8 38. Bxb5 Bh3 39. Bc4 Ng4 40. Qxf7+
Qxf7 41. Re8+ 1-0

[Event "Wch U18"]
[Site "Oropesa del Mar"]
[Date "1999.11.01"]
[Round "8"]
[White "Fedorchuk, Sergey A"]
[Black "Radjabov, Teimour"]
[Result "0-1"]
[WhiteElo "2457"]
[BlackElo "2438"]
[PlyCount "136"]
[EventDate "1999.10.24"]
[EventType "swiss"]
[EventRounds "11"]
[EventCountry "ESP"]
[SourceTitle "CBM 072 Extra"]
[Source "ChessBase"]
[SourceDate "1999.11.18"]
[SourceVersion "1"]
[SourceVersionDate "1999.11.18"]
[SourceQuality "1"]

1. e4 e6 2. d4 d5 3. Nd2 Nf6 4. e5 Nfd7 5. Bd3 c5 6. c3 Nc6 7. Ne2 cxd4 8. cxd4
f6 9. exf6 Qxf6 10. Nf3 h6 11. O-O Bd6 12. Be3 O-O 13. Bb5 Nb6 14. Ng3 Bd7 15.
Re1 Be8 16. b3 Rc8 17. Rc1 Nd7 18. Rc2 Bb4 19. Bd2 Bd6 20. Qe2 Bg6 21. Rc3 e5
22. Bxc6 bxc6 23. Nxe5 Bxe5 24. Rf3 Qe6 25. Rxf8+ Rxf8 26. dxe5 c5 27. f4 c4
28. bxc4 dxc4 29. Rc1 Nb6 30. Qf2 h5 31. Ne2 Nd5 32. Nd4 Qb6 33. Rxc4 Qb2 34.
Rc1 Nxf4 35. Bxf4 Qxf2+ 36. Kxf2 Rxf4+ 37. Ke3 Re4+ 38. Kd3 Rxe5+ 39. Kc4 Bf7+
40. Kd3 Bxa2 41. Ra1 Bd5 42. g3 a5 43. Kd2 Bc4 44. Nc6 Re2+ 45. Kc3 Bf7 46.
Rxa5 Rxh2 47. Ne5 Be8 48. Kd4 Kh7 49. Ra8 Bb5 50. Ra5 Rd2+ 51. Ke3 Rb2 52. Kf4
Rb3 53. g4 h4 54. g5 Be8 55. Ra8 Bg6 56. Nd7 Rb4+ 57. Ke3 Be4 58. Re8 h3 59.
Nf8+ Kg8 60. Nd7+ Kf7 61. Rh8 Bg2 62. Ne5+ Ke6 63. Ng6 Kf5 64. Nh4+ Kg4 65.
Nxg2 hxg2 66. Kf2 Rb2+ 67. Kg1 Kg3 68. Rb8 Rxb8 0-1

[Event "Wch U18"]
[Site "Oropesa del Mar"]
[Date "1999.11.04"]
[Round "10"]
[White "Kokarev, Dmitry"]
[Black "Radjabov, Teimour"]
[Result "1-0"]
[WhiteElo "2370"]
[BlackElo "2438"]
[PlyCount "73"]
[EventDate "1999.10.24"]
[EventType "swiss"]
[EventRounds "11"]
[EventCountry "ESP"]
[SourceTitle "CBM 072 Extra"]
[Source "ChessBase"]
[SourceDate "1999.11.18"]
[SourceVersion "1"]
[SourceVersionDate "1999.11.18"]
[SourceQuality "1"]

1. g3 e6 2. Bg2 d5 3. d3 f5 4. Nd2 Nf6 5. e4 Bc5 6. Qe2 O-O 7. e5 Ng4 8. Nh3
Nc6 9. c3 Bd7 10. Nb3 Be7 11. d4 Kh8 12. Bf3 Nh6 13. Bxh6 gxh6 14. Nf4 a5 15.
O-O a4 16. Nc1 Rg8 17. Ncd3 Bg5 18. Kh1 Na5 19. Bh5 Rg7 20. Rg1 b6 21. Nh3 Bb5
22. f4 Be7 23. g4 Qf8 24. Rg2 fxg4 25. Bxg4 Rxg4 26. Rxg4 Qf5 27. Nhf2 h5 28.
Rg2 c5 29. Rag1 cxd4 30. cxd4 Bh4 31. Qc2 Nc6 32. Qc3 Bxf2 33. Nxf2 Qxf4 34.
Nh3 Qf7 35. Ng5 Qe7 36. Qf3 Nd8 37. Rg3 1-0

[Event "Wch U18"]
[Site "Oropesa del Mar"]
[Date "1999.11.05"]
[Round "11"]
[White "Fressinet, Laurent"]
[Black "Radjabov, Teimour"]
[Result "1/2-1/2"]
[WhiteElo "2440"]
[BlackElo "2438"]
[PlyCount "52"]
[EventDate "1999.10.24"]
[EventType "swiss"]
[EventRounds "11"]
[EventCountry "ESP"]
[SourceTitle "CBM 072 Extra"]
[Source "ChessBase"]
[SourceDate "1999.11.18"]
[SourceVersion "1"]
[SourceVersionDate "1999.11.18"]
[SourceQuality "1"]

1. e4 e6 2. d4 d5 3. e5 c5 4. c3 Nc6 5. Nf3 Qb6 6. a3 c4 7. Nbd2 Na5 8. Be2 Bd7
9. O-O O-O-O 10. Rb1 Ne7 11. Re1 h6 12. Nf1 Nb3 13. Be3 Ba4 14. N3d2 Nf5 15.
Bg4 Be7 16. Nxb3 Bxb3 17. Qd2 Nxe3 18. fxe3 a5 19. e4 dxe4 20. Rxe4 Kb8 21. Qf2
Rhf8 22. Rbe1 Qc7 23. Rf4 Ba4 24. Ng3 Bg5 25. Rf3 Bc6 26. Ne4 Be7 1/2-1/2

[Event "Groningen op"]
[Site "Groningen"]
[Date "1999.12.19"]
[Round "1"]
[White "Pel, Bonno"]
[Black "Radjabov, Teimour"]
[Result "0-1"]
[WhiteElo "2224"]
[BlackElo "2438"]
[PlyCount "70"]
[EventDate "1999.12.19"]
[EventType "swiss"]
[EventRounds "11"]
[EventCountry "NED"]
[SourceTitle "CBM 073 Extra"]
[Source "ChessBase"]
[SourceDate "2000.01.11"]
[SourceVersion "1"]
[SourceVersionDate "2000.01.11"]
[SourceQuality "1"]

1. Nc3 d5 2. e4 e6 3. g3 Nf6 4. Bg2 Be7 5. e5 Nfd7 6. f4 c5 7. Nh3 Nc6 8. O-O
O-O 9. d3 a6 10. Kh1 Qc7 11. Ne2 f6 12. exf6 Nxf6 13. Be3 Bd7 14. d4 cxd4 15.
Nxd4 Bd6 16. Ng5 Rae8 17. c3 h6 18. Ngf3 Na5 19. Qc2 Nc4 20. Bg1 e5 21. fxe5
Nxe5 22. Nxe5 Rxe5 23. Rae1 Rxe1 24. Rxe1 Qc8 25. Qg6 Bc5 26. Rf1 Qe8 27. Qxe8
Rxe8 28. Nf5 Bxg1 29. Kxg1 Re2 30. Nxh6+ Kf8 31. Nf5 Rxb2 32. Ne3 Bb5 33. Rf2
Rb1+ 34. Bf1 Re1 35. Nxd5 Bxf1 0-1

[Event "Groningen op"]
[Site "Groningen"]
[Date "1999.12.20"]
[Round "2"]
[White "Radjabov, Teimour"]
[Black "Leroy, Didier"]
[Result "0-1"]
[WhiteElo "2438"]
[BlackElo "2325"]
[PlyCount "120"]
[EventDate "1999.12.19"]
[EventType "swiss"]
[EventRounds "11"]
[EventCountry "NED"]
[SourceTitle "CBM 073 Extra"]
[Source "ChessBase"]
[SourceDate "2000.01.11"]
[SourceVersion "1"]
[SourceVersionDate "2000.01.11"]
[SourceQuality "1"]

1. Nf3 g6 2. c4 c5 3. Nc3 Bg7 4. g3 Nc6 5. Bg2 a6 6. O-O Nh6 7. e4 d6 8. d3 O-O
9. h3 f5 10. d4 cxd4 11. Nxd4 Nxd4 12. Bxh6 Bxh6 13. Qxd4 f4 14. Qd3 Bd7 15.
Rad1 Bg7 16. gxf4 Rxf4 17. Nd5 Rf7 18. Qb3 b5 19. cxb5 Bxb5 20. Rfe1 e6 21. Ne3
Qh4 22. Rd2 Raf8 23. Qc2 Be5 24. a4 Bd7 25. Ng4 Bf4 26. e5 Bxa4 27. Qxa4 Bxd2
28. Re4 Rf4 29. Qd4 d5 30. Rxf4 Bxf4 31. Kh1 Qg5 32. Qc3 h5 33. Nf6+ Kg7 34.
Qc7+ Rf7 35. Ne8+ Kf8 36. Qc8 Qxe5 37. Nc7+ Kg7 38. Nxe6+ Kh6 39. Nxf4 Rxf4 40.
Qc1 Kh7 41. Qd2 Rd4 42. Qc2 Qe1+ 43. Kh2 Qe5+ 44. Kg1 Rc4 45. Qd2 Qd4 46. Qg5
Rc2 47. Qe7+ Qg7 48. Qg5 Qf7 49. f4 Rxb2 50. Qe5 Rb1+ 51. Kh2 Qf5 52. Qe3 Rb7
53. Bf1 Rf7 54. Kg3 a5 55. Bd3 h4+ 56. Kg2 Qxf4 57. Qe2 Qg3+ 58. Kh1 Qxh3+ 59.
Kg1 Qg3+ 60. Kh1 Qf3+ 0-1

[Event "Groningen op"]
[Site "Groningen"]
[Date "1999.12.22"]
[Round "4"]
[White "Radjabov, Teimour"]
[Black "Kozamernik, Janez"]
[Result "1-0"]
[WhiteElo "2438"]
[BlackElo "2117"]
[PlyCount "79"]
[EventDate "1999.12.19"]
[EventType "swiss"]
[EventRounds "11"]
[EventCountry "NED"]
[SourceTitle "CBM 073 Extra"]
[Source "ChessBase"]
[SourceDate "2000.01.11"]
[SourceVersion "1"]
[SourceVersionDate "2000.01.11"]
[SourceQuality "1"]

1. Nf3 d5 2. b3 c5 3. e3 Nc6 4. Bb2 Bg4 5. Bb5 Qb6 6. c4 Nf6 7. h3 Bxf3 8. Qxf3
dxc4 9. bxc4 Rc8 10. Bxf6 gxf6 11. Nc3 a6 12. Ba4 Bg7 13. Nd5 Qd8 14. Rb1 b5
15. Qg4 O-O 16. Bc2 e6 17. Nf4 f5 18. Qg3 Kh8 19. cxb5 Nb4 20. Bd1 axb5 21. O-O
Rg8 22. Be2 Qxd2 23. Bh5 e5 24. Ne2 Qxa2 25. Qg5 Qe6 26. Ng3 Bf8 27. Qxf5 Qxf5
28. Nxf5 Rg5 29. g4 Rxf5 30. gxf5 Kg7 31. Rfd1 c4 32. Be2 e4 33. Kf1 Nd3 34.
Bxd3 exd3 35. Rxb5 d2 36. Ra1 Ra8 37. Rbb1 Rxa1 38. Rxa1 Ba3 39. Ke2 Bb4 40.
Ra4 1-0

[Event "Groningen op"]
[Site "Groningen"]
[Date "1999.12.23"]
[Round "5"]
[White "Spielmann, Alain"]
[Black "Radjabov, Teimour"]
[Result "0-1"]
[WhiteElo "2241"]
[BlackElo "2438"]
[PlyCount "78"]
[EventDate "1999.12.19"]
[EventType "swiss"]
[EventRounds "11"]
[EventCountry "NED"]
[SourceTitle "CBM 073 Extra"]
[Source "ChessBase"]
[SourceDate "2000.01.11"]
[SourceVersion "1"]
[SourceVersionDate "2000.01.11"]
[SourceQuality "1"]

1. d4 e6 2. c4 f5 3. Nf3 Nf6 4. Nc3 d5 5. Bf4 c6 6. e3 Be7 7. Bd3 O-O 8. O-O
Ne4 9. Bxe4 fxe4 10. Ne5 Nd7 11. f3 exf3 12. Rxf3 Bf6 13. Nxd7 Bxd7 14. Bd6 Rf7
15. c5 Be8 16. e4 Bg5 17. e5 Rxf3 18. Qxf3 Bg6 19. Rf1 h6 20. g3 h5 21. Rf2 Qe8
22. h3 Bh6 23. Kh2 Qd8 24. Ne2 Qa5 25. Nf4 Be4 26. Qe2 Bxf4 27. Rxf4 Qxa2 28.
g4 hxg4 29. hxg4 Qa4 30. Qf2 Qd1 31. Kg3 a5 32. Rf7 Bf5 33. Rxf5 exf5 34. gxf5
a4 35. e6 a3 36. f6 Qd3+ 37. Kg4 Qg6+ 38. Kh4 gxf6 39. bxa3 Kg7 0-1

[Event "Groningen op"]
[Site "Groningen"]
[Date "1999.12.24"]
[Round "6"]
[White "Radjabov, Teimour"]
[Black "Lallemand, Roza"]
[Result "1-0"]
[WhiteElo "2438"]
[BlackElo "2330"]
[PlyCount "69"]
[EventDate "1999.12.19"]
[EventType "swiss"]
[EventRounds "11"]
[EventCountry "NED"]
[SourceTitle "CBM 073 Extra"]
[Source "ChessBase"]
[SourceDate "2000.01.11"]
[SourceVersion "1"]
[SourceVersionDate "2000.01.11"]
[SourceQuality "1"]

1. Nf3 Nf6 2. b3 g6 3. Bb2 Bg7 4. g3 O-O 5. Bg2 d5 6. c4 c6 7. O-O Bg4 8. d3
dxc4 9. bxc4 Qa5 10. Qb3 Nbd7 11. Bc3 Qc7 12. Nbd2 Rab8 13. Qa3 c5 14. Qb2 Ne8
15. Ne4 e5 16. h3 Bxf3 17. Bxf3 h6 18. Bg2 f5 19. Nd2 Nef6 20. Nf3 Nh5 21. e3
Kh7 22. g4 fxg4 23. hxg4 Nhf6 24. Nxe5 Rbe8 25. Nxd7 Qxd7 26. Qxb7 Qxd3 27.
Rac1 Qe2 28. Bf3 Qxa2 29. Ra1 Qxc4 30. Rxa7 Qg8 31. g5 hxg5 32. Kg2 g4 33. Rh1+
Nh5 34. Rxh5+ gxh5 35. Be4+ 1-0

[Event "Groningen op"]
[Site "Groningen"]
[Date "1999.12.26"]
[Round "7"]
[White "Rechel, Bernd"]
[Black "Radjabov, Teimour"]
[Result "0-1"]
[WhiteElo "2404"]
[BlackElo "2438"]
[PlyCount "84"]
[EventDate "1999.12.19"]
[EventType "swiss"]
[EventRounds "11"]
[EventCountry "NED"]
[SourceTitle "CBM 073 Extra"]
[Source "ChessBase"]
[SourceDate "2000.01.11"]
[SourceVersion "1"]
[SourceVersionDate "2000.01.11"]
[SourceQuality "1"]

1. e4 e6 2. d4 d5 3. Nd2 Nf6 4. e5 Nfd7 5. f4 c5 6. c3 Nc6 7. Ndf3 Qb6 8. a3 f6
9. b4 cxd4 10. cxd4 Be7 11. Bb2 O-O 12. Bd3 Qd8 13. h4 f5 14. g4 Nb6 15. gxf5
exf5 16. Ne2 Be6 17. Nc3 Qd7 18. Qe2 a6 19. Qf2 Rac8 20. Rd1 Nxb4 21. Bb1 Nc6
22. Nd2 Na5 23. Rh3 Nac4 24. Nxc4 Nxc4 25. Bc1 b5 26. Qa2 Qd8 27. h5 Nxa3 28.
Bxa3 b4 29. Bb2 bxc3 30. Qxa6 Bd7 31. Bxc3 Rxc3 32. Rxc3 Bb4 33. Rdc1 Qh4+ 34.
Kd1 Qh1+ 35. Kc2 Qg2+ 36. Kd1 Bxc3 37. Rxc3 Qg1+ 38. Kc2 Rb8 39. Ba2 Qf2+ 40.
Kd1 Qxd4+ 41. Qd3 Qg1+ 42. Kc2 Qf2+ 0-1

[Event "AZE-chT rap"]
[Site "Baku"]
[Date "2000.??.??"]
[Round "?"]
[White "Radjabov, Teimour"]
[Black "Zulfugarli, Magomed"]
[Result "1-0"]
[WhiteElo "2459"]
[BlackElo "2479"]
[PlyCount "71"]
[EventDate "2000.??.??"]
[EventType "team (rapid)"]
[EventRounds "9"]
[EventCountry "AZE"]
[SourceTitle "EXT 2002"]
[Source "ChessBase"]
[SourceDate "2001.11.25"]
[SourceVersion "1"]
[SourceVersionDate "2001.11.25"]
[SourceQuality "1"]

1. d4 g6 2. c4 Bg7 3. Nc3 Nf6 4. e4 O-O 5. Nf3 d6 6. Be2 e5 7. dxe5 dxe5 8. Bg5
Qe8 9. O-O Kh8 10. Rc1 Na6 11. c5 b6 12. Bb5 c6 13. Bxf6 cxb5 14. Bxg7+ Kxg7
15. cxb6 Bg4 16. b7 Rb8 17. Qd6 Qe6 18. Qxe5+ Qxe5 19. Nxe5 Be6 20. Nxb5 Rxb7
21. a4 Nb8 22. Nd3 Rb6 23. Nc5 a6 24. Nd4 Bc8 25. b3 Rd8 26. Rc4 Rbd6 27. Nc2
Nc6 28. Ne3 Ne5 29. Rc3 g5 30. Nd5 f5 31. Ne7 Kf7 32. Nxf5 Bxf5 33. exf5 Rd1
34. Nxa6 g4 35. Rc1 R1d2 36. Nc5 1-0

[Event "RUS-Cup"]
[Site "Minsk"]
[Date "2000.??.??"]
[Round "1"]
[White "Radjabov, Teimour"]
[Black "Ivannikov, Oleg"]
[Result "1-0"]
[WhiteElo "2459"]
[BlackElo "2102"]
[PlyCount "71"]
[EventDate "2000.??.??"]
[EventType "swiss"]
[EventRounds "9"]
[EventCountry "BLR"]
[SourceTitle "EXT 2001"]
[Source "ChessBase"]
[SourceDate "2000.11.22"]
[SourceVersion "1"]
[SourceVersionDate "2000.11.22"]
[SourceQuality "1"]

1. d4 d5 2. c4 Bf5 3. Nc3 e6 4. Nf3 Nf6 5. Bg5 c6 6. Qb3 Qb6 7. c5 Qxb3 8. axb3
Nbd7 9. b4 a6 10. b5 cxb5 11. Nxb5 Rc8 12. Nc3 Be7 13. e3 h6 14. Bh4 g5 15. Bg3
Nh5 16. Be2 Nxg3 17. hxg3 Bf6 18. Nd2 Nb8 19. g4 Bg6 20. O-O Nc6 21. Ra4 Bc2
22. b3 Ke7 23. Rc1 Bg6 24. b4 Rhd8 25. Nb3 Kf8 26. Na5 Nxa5 27. bxa5 e5 28. Bf3
e4 29. Bd1 Rd7 30. Bb3 Rcd8 31. Rb4 Be7 32. Ba2 f6 33. Rcb1 Bf7 34. Rxb7 Rxb7
35. Rxb7 Rc8 36. Bxd5 1-0

[Event "RUS-Cup"]
[Site "Minsk"]
[Date "2000.??.??"]
[Round "2"]
[White "Mihajlovskij, Sergei"]
[Black "Radjabov, Teimour"]
[Result "1-0"]
[WhiteElo "2355"]
[BlackElo "2459"]
[PlyCount "91"]
[EventDate "2000.??.??"]
[EventType "swiss"]
[EventRounds "9"]
[EventCountry "BLR"]
[SourceTitle "EXT 2001"]
[Source "ChessBase"]
[SourceDate "2000.11.22"]
[SourceVersion "1"]
[SourceVersionDate "2000.11.22"]
[SourceQuality "1"]

1. d4 e6 2. e4 d5 3. e5 c5 4. c3 Nc6 5. Nf3 Bd7 6. a3 Nge7 7. b4 cxd4 8. cxd4
Nf5 9. Bb2 h5 10. h4 Be7 11. g3 Qb6 12. Qd2 f6 13. Bd3 fxe5 14. Bxf5 exf5 15.
dxe5 Be6 16. Bd4 Qa6 17. Qe2 Qxe2+ 18. Kxe2 f4 19. gxf4 Bg4 20. Rd1 O-O 21. Ke3
a5 22. Nc3 Nxd4 23. Nxd4 Bxd1 24. Nxd5 Bxh4 25. Rxd1 axb4 26. axb4 Ra3+ 27. Ke4
Bxf2 28. Ne6 Re8 29. Ndc7 Rc8 30. Rd7 Rg3 31. f5 Rg4+ 32. Kd5 Bh4 33. b5 Rg1
34. Kc5 Bf2+ 35. Kb4 Bh4 36. Ka5 Kh8 37. Kb6 Rb8 38. Ka7 Rg8 39. Kxb7 Rf1 40.
Rf7 Bg3 41. Nf8 Re1 42. Nce6 Rxe5 43. Ng5 Re7+ 44. Ka6 g6 45. f6 Rc7 46. b6 1-0

[Event "RUS-Cup"]
[Site "Minsk"]
[Date "2000.??.??"]
[Round "3"]
[White "Radjabov, Teimour"]
[Black "Kornilovich, Vitaly Eduardovich"]
[Result "1-0"]
[WhiteElo "2459"]
[BlackElo "2288"]
[PlyCount "55"]
[EventDate "2000.??.??"]
[EventType "swiss"]
[EventRounds "9"]
[EventCountry "BLR"]
[SourceTitle "EXT 2001"]
[Source "ChessBase"]
[SourceDate "2000.11.22"]
[SourceVersion "1"]
[SourceVersionDate "2000.11.22"]
[SourceQuality "1"]

1. d4 d5 2. c4 c6 3. Nc3 Nf6 4. e3 e6 5. Nf3 Nbd7 6. Qc2 Bd6 7. Bd3 dxc4 8.
Bxc4 e5 9. O-O O-O 10. h3 Qe7 11. Rd1 e4 12. Ng5 Nb6 13. Bb3 Bf5 14. f3 Rae8
15. Rf1 Bg6 16. Ngxe4 Nxe4 17. fxe4 Bb4 18. Qf2 Bxe4 19. Nxe4 Qxe4 20. Bxf7+
Kh8 21. Qe2 Re7 22. Bh5 Rd8 23. Qf2 g6 24. Bf3 Qe6 25. e4 Rf7 26. d5 Qe5 27.
Be3 Bd6 28. Bd4 1-0

[Event "RUS-Cup"]
[Site "Minsk"]
[Date "2000.??.??"]
[Round "4"]
[White "Korobov, Anton"]
[Black "Radjabov, Teimour"]
[Result "0-1"]
[WhiteElo "2411"]
[BlackElo "2459"]
[PlyCount "100"]
[EventDate "2000.??.??"]
[EventType "swiss"]
[EventRounds "9"]
[EventCountry "BLR"]
[SourceTitle "EXT 2001"]
[Source "ChessBase"]
[SourceDate "2000.11.22"]
[SourceVersion "1"]
[SourceVersionDate "2000.11.22"]
[SourceQuality "1"]

1. d4 e6 2. c4 f5 3. Nc3 Nf6 4. Nf3 d5 5. Bf4 c6 6. e3 Be7 7. Bd3 O-O 8. O-O
Ne4 9. Qb3 Kh8 10. h3 Nd7 11. Rad1 Bf6 12. Bh2 Qe7 13. Nd2 a6 14. a4 a5 15. Qc2
g6 16. Nb3 Nxc3 17. Qxc3 dxc4 18. Bxc4 b6 19. Be5 Bb7 20. f4 Rac8 21. Nd2 c5
22. Qa3 g5 23. Nf3 g4 24. hxg4 fxg4 25. Bxf6+ Rxf6 26. Ng5 h6 27. Nxe6 Rxe6 28.
Bxe6 Qxe6 29. d5 Qe4 30. Qb3 Re8 31. Rfe1 Kg7 32. Rd2 g3 33. Qb5 Re7 34. d6 Rf7
35. Qe2 Qf5 36. Red1 Bc6 37. b3 h5 38. Qc4 h4 39. Qe2 h3 40. Qe1 Qg4 41. Rd5
Bxd5 42. Rxd5 Rf5 43. Rxf5 Qxf5 44. Qxg3+ Kf7 45. gxh3 Qb1+ 46. Kh2 Qxb3 47.
Qg2 Qxe3 48. Qd5+ Qe6 49. Qh5+ Qg6 50. Qd5+ Kf6 0-1

[Event "RUS-Cup"]
[Site "Minsk"]
[Date "2000.??.??"]
[Round "5"]
[White "Radjabov, Teimour"]
[Black "Turov, Maxim"]
[Result "1/2-1/2"]
[WhiteElo "2459"]
[BlackElo "2526"]
[PlyCount "52"]
[EventDate "2000.??.??"]
[EventType "swiss"]
[EventRounds "9"]
[EventCountry "BLR"]
[SourceTitle "EXT 2001"]
[Source "ChessBase"]
[SourceDate "2000.11.22"]
[SourceVersion "1"]
[SourceVersionDate "2000.11.22"]
[SourceQuality "1"]

1. d4 Nf6 2. c4 g6 3. Nc3 d5 4. Nf3 Bg7 5. Qb3 dxc4 6. Qxc4 O-O 7. e4 Na6 8.
Be2 c5 9. d5 e6 10. O-O exd5 11. exd5 Bf5 12. Rd1 Qb6 13. Na4 Qb4 14. Nc3 Qxc4
15. Bxc4 Ne4 16. Nxe4 Bxe4 17. a3 h6 18. Re1 f5 19. Be3 Bxb2 20. Ra2 Bg7 21.
Nd2 b5 22. Nxe4 bxc4 23. Nxc5 Nxc5 24. Bxc5 Rfd8 25. Rd1 Rd7 26. Rc2 Rc8
1/2-1/2